[Event "Pojedinacno prvenstvo Centralne Srbije 2"]
[Site "Vrnjacka Banja"]
[Date "2014.03.18"]
[Round "2.7"]
[White "Savicevic, Vlatko"]
[Black "Bojkovic, Natasa"]
[Result "1-0"]
[WhiteElo "2330"]
[BlackElo "2411"]
[PlyCount "63"]
[EventDate "2014.03.17"]

1. e4 c5 2. Nf3 e6 3. b3 b6 4. Bb2 Bb7 5. Qe2 d6 6. Nc3 Nd7 7. O-O-O e5 8. g4
Ne7 9. h4 a6 10. h5 Nc6 11. Nd5 Be7 12. g5 Nd4 13. Nxd4 cxd4 14. f4 Bxd5 15.
exd5 O-O 16. Re1 Re8 17. g6 Bf6 18. gxf7+ Kxf7 19. Bh3 Nf8 20. Qe4 Kg8 21. Bf5
b5 22. Rhg1 Kh8 23. h6 g6 24. Bh3 a5 25. a3 Nd7 26. fxe5 dxe5 27. d6 Ra6 28.
Qd5 b4 29. Rgf1 Nf8 30. Qf7 Rxd6 31. Rxf6 Qxf6 32. Qxe8 1-0

[Event "Pojedinacno prvenstvo Centralne Srbije 2"]
[Site "Vrnjacka Banja"]
[Date "2014.03.18"]
[Round "?"]
[White "Miladinovic, Lena"]
[Black "Abramovic, Bosko"]
[Result "0-1"]
[WhiteElo "2095"]
[BlackElo "2437"]
[PlyCount "74"]
[EventDate "2014.03.17"]

1. d4 Nf6 2. Nf3 g6 3. c4 Bg7 4. Nc3 O-O 5. e4 d6 6. Be2 c5 7. O-O cxd4 8. Nxd4
Nc6 9. Be3 Bd7 10. Qd2 Nxd4 11. Bxd4 Bc6 12. f3 a5 13. b3 Nd7 14. Be3 Nc5 15.
Rac1 Qb6 16. Nd5 Bxd5 17. cxd5 Qb4 18. Rfd1 Rfc8 19. Rc4 Qxd2 20. Rxd2 b5 21.
Rxc5 dxc5 22. Bxb5 a4 23. Bxa4 c4 24. Bc6 cxb3 25. axb3 Ra1+ 26. Kf2 Rb8 27.
Bc5 Bc3 28. Rc2 Bb4 29. Bd4 Rd1 30. Ba7 Rc8 31. Rc4 Bd6 32. g3 Rd2+ 33. Ke3
Rxh2 34. f4 Rb2 35. Rc3 e6 36. Kd4 exd5 37. exd5 Bb4 {....} 0-1

[Event "Pojedinacno prvenstvo Centralne Srbije 2"]
[Site "Vrnjacka Banja"]
[Date "2014.03.18"]
[Round "2.9"]
[White "Nestorovic, Lazar"]
[Black "Radusinovic, Lazar"]
[Result "1/2-1/2"]
[WhiteElo "2381"]
[BlackElo "2313"]
[PlyCount "84"]
[EventDate "2014.03.17"]

1. e4 c5 2. Nc3 Nc6 3. Bb5 d6 4. Bxc6+ bxc6 5. f4 e5 6. fxe5 Qg5 7. Qe2 Qxe5 8.
Nf3 Qh5 9. d3 Rb8 10. b3 Be7 11. O-O Bf6 12. Bb2 Bg4 13. Nd1 Bxb2 14. Nxb2 f6
15. Nc4 Rd8 16. Qd2 Bxf3 17. Rxf3 Ne7 18. Qf4 Nc8 19. Na5 Kd7 20. Raf1 Kc7 21.
Nc4 Rd7 22. Qd2 Nb6 23. Ne3 Re8 24. a4 Nc8 25. Nf5 Qf7 26. b4 Qa2 27. bxc5 Qxa4
28. Qc3 dxc5 29. Qxc5 Re5 30. Qf8 Qxc2 31. Nxg7 Rxd3 32. R3f2 Qc4 33. Ne8+ Kb7
34. Nxf6 Qd4 35. Nxh7 Nd6 36. Ng5 Rxg5 37. Qe7+ Ka6 38. Qxg5 Nxe4 39. Qf5 Nxf2
40. Qxf2 Kb5 41. h4 a5 42. h5 a4 1/2-1/2

[Event "Pojedinacno prvenstvo Centralne Srbije 2"]
[Site "Vrnjacka Banja"]
[Date "2014.03.18"]
[Round "2.10"]
[White "Cabrilo, Goran"]
[Black "Vujacic, Borivoje"]
[Result "1-0"]
[WhiteElo "2406"]
[BlackElo "2287"]
[PlyCount "139"]
[EventDate "2014.03.17"]

1. Nf3 Nf6 2. g3 g6 3. b3 Bg7 4. Bb2 d5 5. c4 c6 6. Bg2 a5 7. O-O O-O 8. a3
Nbd7 9. d3 Qb6 10. Nbd2 Nc5 11. Rb1 Ne6 12. b4 axb4 13. axb4 Ng4 14. Bxg7 Kxg7
15. Qb3 Nf6 16. Qb2 Rd8 17. c5 Qc7 18. Ra1 Rxa1 19. Rxa1 b6 20. d4 Bb7 21. e3
Ra8 22. Ne5 Nf8 23. Rxa8 Bxa8 24. Qa3 Bb7 25. cxb6 Qxb6 26. b5 Ng8 27. bxc6
Bxc6 28. Qc5 Qxc5 29. dxc5 Ba8 30. c6 Nf6 31. e4 dxe4 32. Nxe4 Nxe4 33. Bxe4
Ne6 34. Bd5 Nc7 35. Bxf7 e6 36. f4 Kf6 37. h4 Bxc6 38. Bxg6 hxg6 39. Nxc6 Nd5
40. Kf2 Nb6 41. Ne5 Nd5 42. Kf3 Kg7 43. g4 Nf6 44. Nd3 Kf7 45. Nf2 Nd7 46. Ke4
Nf6+ 47. Kd4 Ke7 48. Ke3 Nd5+ 49. Kf3 Nf6 50. Ne4 Nd5 51. h5 gxh5 52. gxh5 Kf7
53. Kg4 Nb4 54. Kg5 Nd3 55. Nd6+ Kg7 56. Ne8+ Kf7 57. h6 Kg8 58. Nc7 e5 59. f5
e4 60. Nd5 Kh8 61. Ne3 Kh7 62. Ng4 Nc5 63. Kf4 Kh8 64. Ke3 Nd7 65. Kxe4 Nf6+
66. Kf4 Nd5+ 67. Kg5 Nc7 68. Kg6 Kg8 69. h7+ Kh8 70. Ne5 1-0

[Event "Pojedinacno prvenstvo Centralne Srbije 2"]
[Site "Vrnjacka Banja"]
[Date "2014.03.18"]
[Round "2.11"]
[White "Jovic, Stanoje"]
[Black "Rabrenovic, Vladan"]
[Result "1-0"]
[WhiteElo "2304"]
[BlackElo "2392"]
[PlyCount "109"]
[EventDate "2014.03.17"]

1. c4 e5 2. Nc3 d6 3. Nf3 f5 4. e4 Nf6 5. exf5 Bxf5 6. d4 e4 7. Nh4 Qd7 8. Qb3
b6 9. Nb5 Be6 10. d5 Bf7 11. f3 Be7 12. fxe4 Nxe4 13. Nf3 O-O 14. Be2 Na6 15.
O-O Nac5 16. Qd1 a6 17. Nbd4 Bf6 18. Ne1 Bg6 19. Nc6 Bf5 20. Nc2 a5 21. N2d4
Bg6 22. Be3 Bg5 23. Rxf8+ Rxf8 24. Bxg5 Nxg5 25. Bg4 Qf7 26. Qd2 h5 27. Bf3
Nxf3+ 28. Nxf3 Bd3 29. b3 h4 30. h3 Qf4 31. Qxf4 Rxf4 32. Re1 Be4 33. Ng5 g6
34. Nd4 Bxd5 35. Re8+ Kg7 36. cxd5 Rxd4 37. Nf3 Re4 38. Rc8 Re7 39. Nd4 Ne4 40.
Nf3 Nc3 41. Nd4 Nxd5 42. Kh2 Kf7 43. Rh8 Nf6 44. Rc8 c5 45. Nb5 Rd7 46. Rc6 Ne4
47. Rxb6 d5 48. Na3 d4 49. Nc4 d3 50. Ne5+ Ke7 51. Rxg6 Rd4 52. Nxd3 Rxd3 53.
Ra6 c4 54. Rxa5 c3 55. Re5+ 1-0

[Event "Pojedinacno prvenstvo Centralne Srbije 2"]
[Site "Vrnjacka Banja"]
[Date "2014.03.18"]
[Round "2.12"]
[White "Velickovic, Sasa"]
[Black "Sorgic, Dragan"]
[Result "1-0"]
[WhiteElo "2377"]
[BlackElo "2244"]
[PlyCount "137"]
[EventDate "2014.03.17"]

1. e4 d6 2. d4 Nf6 3. Nc3 g6 4. g3 Bg7 5. Bg2 O-O 6. Nge2 e5 7. h3 Nc6 8. Be3
exd4 9. Nxd4 Nxd4 10. Bxd4 Be6 11. O-O Re8 12. Re1 c6 13. Qd3 Qc7 14. a4 a5 15.
Rad1 Rad8 16. Qe3 c5 17. Bxf6 Bxf6 18. Nb5 Qb8 19. Qd2 b6 20. b3 c4 21. b4 c3
22. Nxc3 axb4 23. Nd5 Bxd5 24. Qxd5 Qc7 25. Re2 Bc3 26. Re3 Qc5 27. Red3 Be5
28. Qb3 Rc8 29. R1d2 Bc3 30. Rd1 Red8 31. Rd5 Qc7 32. h4 Qe7 33. Rb5 Qa7 34.
Rbd5 Qe7 35. Rb5 Qa7 36. Bf1 Rc5 37. Bc4 Rxb5 38. Bxb5 Qe7 39. Qd5 Qf6 40. Kg2
Kg7 41. f4 Qe6 42. e5 b3 43. cxb3 Bb4 44. Qd3 d5 45. Bc4 Qe7 46. Bxd5 Qc5 47.
Qf3 Qc2+ 48. Kh3 h5 49. Qd3 Qc8+ 50. Kg2 Qc5 51. Qe4 Qc3 52. Qc4 Qxc4 53. bxc4
Rc8 54. Rb1 Bc5 55. Rb5 Rc7 56. a5 bxa5 57. Rxa5 Bd4 58. Rb5 Kf8 59. Kf3 Ke7
60. Rb3 Ra7 61. Ke4 Bf2 62. Rf3 Be1 63. f5 Ke8 64. Bc6+ Ke7 65. fxg6 fxg6 66.
Bd5 Ra2 67. e6 Kd6 68. c5+ Ke7 69. Bxa2 1-0

[Event "Pojedinacno prvenstvo Centralne Srbije 2"]
[Site "Vrnjacka Banja"]
[Date "2014.03.18"]
[Round "2.13"]
[White "Jovanovic, Bojan P"]
[Black "Zajic, Milan"]
[Result "1/2-1/2"]
[WhiteElo "2254"]
[BlackElo "2370"]
[PlyCount "83"]
[EventDate "2014.03.17"]

1. d4 e6 2. e4 d5 3. exd5 exd5 4. Bd3 Nc6 5. c3 Bd6 6. h3 Be6 7. Be3 Qd7 8. Nd2
O-O-O 9. Ne2 Nge7 10. Bf4 f6 11. Bxd6 Qxd6 12. Qc2 Kb8 13. O-O-O Bf7 14. f4 Bg6
15. f5 Bf7 16. Rhf1 Nc8 17. Nb3 b6 18. Nf4 Rhe8 19. Qf2 a5 20. Na1 Re7 21. Nc2
Rde8 22. Rde1 Rxe1+ 23. Rxe1 Rxe1+ 24. Nxe1 N8e7 25. Nc2 g5 26. fxg6 hxg6 27.
Qg3 Nd8 28. Ne2 Qc6 29. Nf4 g5 30. Ne2 Bh5 31. Qe3 Ne6 32. Qf2 Bxe2 33. Bxe2
Nf4 34. Bf1 Qe6 35. g3 Nh5 36. Qf3 Ng7 37. Ne3 Ngf5 38. Kd2 Nd6 39. Bg2 f5 40.
Kc1 Ne4 41. g4 fxg4 42. hxg4 1/2-1/2

[Event "Pojedinacno prvenstvo Centralne Srbije 2"]
[Site "Vrnjacka Banja"]
[Date "2014.03.18"]
[Round "2.14"]
[White "Gagic, Miroljub"]
[Black "Ratkovic, Miloje"]
[Result "0-1"]
[WhiteElo "1865"]
[BlackElo "2358"]
[PlyCount "68"]
[EventDate "2014.03.17"]

1. Nf3 d5 2. g3 Nc6 3. d4 Bg4 4. Bg2 Qd7 5. Ne5 Nxe5 6. dxe5 O-O-O 7. h3 Be6 8.
Qd4 Kb8 9. Bf4 Bf5 10. Nd2 e6 11. b4 Ne7 12. Qb2 h6 13. g4 Bh7 14. O-O g5 15.
Bg3 Nc8 16. c4 dxc4 17. Nxc4 Qb5 18. Rfc1 Qxb4 19. Qxb4 Bxb4 20. Rab1 Bxb1 21.
Rxb1 Rd4 22. Na5 c6 23. e3 Bxa5 24. exd4 Bb6 25. h4 Ne7 26. Rd1 Rd8 27. Rd3 Rd7
28. Rf3 gxh4 29. Bxh4 Ng6 30. Bf6 Bxd4 31. Rh3 Bxe5 32. g5 Rd1+ 33. Bf1 Bxf6
34. gxf6 Rd4 0-1

[Event "Pojedinacno prvenstvo Centralne Srbije 2"]
[Site "Vrnjacka Banja"]
[Date "2014.03.18"]
[Round "2.15"]
[White "Andrijevic, Milan"]
[Black "Pantovic, Dragan M"]
[Result "1-0"]
[WhiteElo "2333"]
[BlackElo "2132"]
[PlyCount "83"]
[EventDate "2014.03.17"]

1. e4 c6 2. d4 d5 3. exd5 cxd5 4. c4 Nf6 5. Nc3 Nc6 6. Nf3 Bg4 7. cxd5 Nxd5 8.
Qb3 Bxf3 9. gxf3 e6 10. Qxb7 Nxd4 11. Bb5+ Nxb5 12. Qc6+ Ke7 13. Qxb5 Nxc3 14.
Qc5+ Qd6 15. Qxc3 Qa6 16. a4 Ke8 17. Qb3 Qa5+ 18. Kf1 Bb4 19. Rg1 Rb8 20. Rxg7
Qe5 21. Rg4 Bd6 22. Qc3 Qxc3 23. bxc3 Rb3 24. Be3 Be5 25. Rc4 Ke7 26. Bxa7 Rxc3
27. Rxc3 Bxc3 28. Ra2 Be5 29. h3 Ra8 30. Bb6 Kd6 31. a5 Kc6 32. Rc2+ Kb7 33.
Ke2 Rg8 34. Rc1 Rg6 35. Be3 Rf6 36. Rc4 Rf5 37. Rc5 Ka6 38. Kd3 f6 39. f4 Bb8
40. Rxf5 exf5 41. Kd4 Kxa5 42. Kd5 1-0

[Event "Pojedinacno prvenstvo Centralne Srbije 2"]
[Site "Vrnjacka Banja"]
[Date "2014.03.18"]
[Round "2.16"]
[White "Zajic, Milun"]
[Black "Cvetkovic, Srdjan"]
[Result "0-1"]
[WhiteElo "1954"]
[BlackElo "2332"]
[PlyCount "47"]
[EventDate "2014.03.17"]

1. c4 e6 2. g3 d5 3. cxd5 exd5 4. d4 Nf6 5. Bg2 Be7 6. Nf3 O-O 7. O-O c6 8. Nc3
Nbd7 9. Qd3 Re8 10. a3 a5 11. Bf4 Nf8 12. h3 Ng6 13. Be3 Bd6 14. Bg5 h6 15.
Bxf6 Qxf6 16. e4 dxe4 17. Nxe4 Qf5 18. Rfe1 Be6 19. g4 Qf4 20. Nc5 Bd5 21. Nxb7
Bc7 22. Nc5 Nh4 23. Ne4 Nxg2 24. Kxg2 0-1

[Event "Pojedinacno prvenstvo Centralne Srbije 2"]
[Site "Vrnjacka Banja"]
[Date "2014.03.18"]
[Round "2.17"]
[White "Markovic, Miroslav"]
[Black "Todorovic, Kosta"]
[Result "1-0"]
[WhiteElo "2498"]
[BlackElo "1929"]
[PlyCount "71"]
[EventDate "2014.03.17"]

1. e4 c5 2. c3 d5 3. d3 g6 4. Qe2 Bg7 5. Nf3 Nc6 6. g3 e5 7. Bg2 Nge7 8. O-O
O-O 9. a3 h6 10. b4 d4 11. bxc5 Qa5 12. cxd4 exd4 13. Qc2 Be6 14. Bd2 Qa6 15.
Nh4 Ne5 16. f4 Qxd3 17. Qc1 Ng4 18. a4 Qe2 19. Ra3 d3 20. Bc3 Rfd8 21. Bxg7
Kxg7 22. f5 g5 23. Nf3 Bxf5 24. exf5 Nxf5 25. Nc3 Qe3+ 26. Qxe3 Nfxe3 27. Rb1
d2 28. Nd1 Nxg2 29. Kxg2 Rac8 30. Rc3 Re8 31. Kf1 Nxh2+ 32. Nxh2 Re1+ 33. Kg2
Rce8 34. Rf3 h5 35. Rf2 g4 36. Nf1 1-0

[Event "Pojedinacno prvenstvo Centralne Srbije 2"]
[Site "Vrnjacka Banja"]
[Date "2014.03.18"]
[Round "2.18"]
[White "Ilic, Zoran S"]
[Black "Colovic, Zoran"]
[Result "1/2-1/2"]
[WhiteElo "2297"]
[BlackElo "2102"]
[Annotator ",Micko"]
[PlyCount "108"]
[EventDate "2014.03.17"]

1. d4 c5 2. d5 Nf6 3. Nf3 g6 4. Nc3 d6 5. e4 Nbd7 6. Be2 Bg7 7. O-O a6 8. a4
O-O 9. h3 Rb8 10. Re1 Qc7 11. Bf4 b6 12. Qd2 Rd8 13. Rad1 Ne5 14. Nxe5 dxe5 15.
Bg3 Qd6 16. f4 Ne8 17. Bc4 Nc7 18. Qf2 Rf8 19. Bf1 Bd7 20. Kh1 Rfd8 21. b3 Rdc8
22. Nb1 b5 23. Nd2 exf4 24. Bxf4 Qb6 25. axb5 axb5 26. Nf3 Ra8 27. d6 Ne6 28.
Be5 exd6 29. Rxd6 Qb7 30. Bxg7 Kxg7 31. Ne5 Be8 32. Ng4 Qe7 33. e5 Qg5 34. Nf6
{...} Bc6 35. Nd5 Bxd5 36. Rxd5 Nd4 37. Rd7 Rf8 38. e6 Qf6 39. Qxf6+ Kxf6 40.
e7 Rfe8 41. Rd6+ Ne6 42. Bxb5 Rxe7 43. Rc6 Raa7 44. Kg1 Rec7 45. Rd6 Kg7 46.
Bc4 Ra2 47. Bxe6 fxe6 48. Re2 c4 49. b4 Rb2 50. Rb6 Rd7 51. Kf2 c3 52. Rbxe6
Rd2 53. Rxd2 cxd2 54. Ke2 Rxc2 1/2-1/2

[Event "Pojedinacno prvenstvo Centralne Srbije 2"]
[Site "Vrnjacka Banja"]
[Date "2014.03.18"]
[Round "2.19"]
[White "Zivkovic, Marko"]
[Black "Stojanovic, Andjelija"]
[Result "0-1"]
[WhiteElo "2192"]
[BlackElo "2295"]
[PlyCount "82"]
[EventDate "2014.03.17"]

1. d4 c5 2. d5 e5 3. Nc3 d6 4. e4 Be7 5. Nf3 a6 6. a4 Bg4 7. h3 Bxf3 8. Qxf3
Bg5 9. Bxg5 Qxg5 10. Qg4 Qxg4 11. hxg4 Nd7 12. Ra3 Ne7 13. Nd1 Nf6 14. f3 O-O-O
15. Ne3 h5 16. g5 Nh7 17. Rxh5 g6 18. Rh1 Nxg5 19. Rxh8 Rxh8 20. b4 cxb4 21.
Rb3 a5 22. Nc4 Kc7 23. Nxa5 Ra8 24. Nc4 f5 25. Bd3 Rxa4 26. Nb2 Ra1+ 27. Kf2
fxe4 28. fxe4 Ng8 29. Rxb4 Nf6 30. Na4 Nd7 31. Kg3 Nh7 32. Bb5 Nhf6 33. Rc4+
Kd8 34. Bxd7 Nxd7 35. Kf3 b5 36. Rc6 bxa4 37. Rxd6 a3 38. Ra6 a2 39. Kg4 Nf6+
40. Kg5 Nxe4+ 41. Kxg6 Nc3 0-1

[Event "Pojedinacno prvenstvo Centralne Srbije 2"]
[Site "Vrnjacka Banja"]
[Date "2014.03.18"]
[Round "2.20"]
[White "Zivkovic, Nemanja"]
[Black "Gajic, Sladjan"]
[Result "1-0"]
[WhiteElo "2290"]
[BlackElo "2066"]
[PlyCount "59"]
[EventDate "2014.03.17"]

1. c4 e5 2. Nc3 Nf6 3. g3 d5 4. cxd5 Nxd5 5. Bg2 Nb6 6. Nf3 Nc6 7. d3 Be7 8. a3
a5 9. Bd2 Be6 10. Na4 Nd7 11. Rc1 Ra6 12. Be3 O-O 13. O-O f5 14. Nd2 Qe8 15.
Bc5 Bd6 16. e3 Qf7 17. Bxd6 cxd6 18. Nc3 Rd8 19. f4 Nc5 20. Nf3 h6 21. Nh4 exf4
22. gxf4 Rb6 23. d4 Bb3 24. Qd2 Na4 25. Nxa4 Bxa4 26. d5 Qf6 27. dxc6 Qxh4 28.
c7 Rc8 29. Qd5+ Kh8 30. Qxf5 1-0

[Event "Pojedinacno prvenstvo Centralne Srbije 2"]
[Site "Vrnjacka Banja"]
[Date "2014.03.18"]
[Round "2.21"]
[White "Stanojevic, Branko"]
[Black "Tosic, Dragoljub"]
[Result "1/2-1/2"]
[WhiteElo "2271"]
[BlackElo "1966"]
[PlyCount "55"]
[EventDate "2014.03.17"]

1. Nf3 c5 2. g3 Nc6 3. Bg2 g6 4. c4 Bg7 5. Nc3 Nf6 6. O-O O-O 7. d4 cxd4 8.
Nxd4 Qb6 9. Nc2 d6 10. b3 Bd7 11. Bb2 Rfd8 12. Ne3 Qa5 13. Nb5 a6 14. Bc3 Qb6
15. Bxf6 exf6 16. Nd5 Qc5 17. Nbc7 Rac8 18. b4 Qxc4 19. Nb6 Qxb4 20. Nxc8 Bxc8
21. Rc1 Qa5 22. Bxc6 bxc6 23. Rxc6 Bh3 24. Rxd6 Rxd6 25. Qxd6 Bxf1 26. Kxf1
Qxa2 27. Qxa6 Qb1+ 28. Kg2 {...} 1/2-1/2

[Event "Pojedinacno prvenstvo Centralne Srbije 2"]
[Site "Vrnjacka Banja"]
[Date "2014.03.18"]
[Round "2.22"]
[White "Jokic, Miodrag"]
[Black "Gavrilovic, Leonardo"]
[Result "0-1"]
[WhiteElo "2103"]
[BlackElo "2255"]
[PlyCount "94"]
[EventDate "2014.03.17"]

1. d4 Nf6 2. c4 e6 3. Nf3 b6 4. e3 Bb7 5. Bd3 c5 6. O-O Be7 7. Nc3 O-O 8. d5
exd5 9. cxd5 d6 10. e4 a6 11. a4 Nbd7 12. h3 Re8 13. Re1 Nf8 14. Nd2 Ng6 15.
Nc4 Qc7 16. f4 Rad8 17. Bd2 Nd7 18. Ra3 Bf6 19. Rb3 Rb8 20. Qb1 Bc8 21. Kh1 Bd4
22. Ne2 Bf6 23. Rc1 b5 24. Ba5 bxc4 25. Bxc7 Rxb3 26. Bxc4 Rxb2 27. Qd3 Be7 28.
Rb1 Rb4 29. Ra1 Nge5 30. fxe5 Nxe5 31. Qg3 Nxc4 32. Rf1 Rb7 33. Qc3 Ne5 34. Ba5
Bd7 35. Qc2 Bf6 36. Bc3 Reb8 37. Kh2 Rb3 38. Qc1 Nd3 39. Qd2 Bxc3 40. Nxc3 Ne5
41. Qc2 R3b4 42. Na2 R4b7 43. Nc3 Rb2 44. Qc1 R2b3 45. Qg5 f6 46. Rxf6 Rxc3 47.
Rf1 h6 0-1

[Event "Pojedinacno prvenstvo Centralne Srbije 2"]
[Site "Vrnjacka Banja"]
[Date "2014.03.18"]
[Round "2.23"]
[White "Petrovic, Zoran Z"]
[Black "Stojanovic, Zlatko"]
[Result "1-0"]
[WhiteElo "2056"]
[BlackElo "2253"]
[PlyCount "54"]
[EventDate "2014.03.17"]

1. e4 g6 2. d4 Bg7 3. Nf3 c6 4. Nc3 d5 5. Be2 dxe4 6. Nxe4 Nd7 7. O-O Ngf6 8.
Nxf6+ Nxf6 9. c3 O-O 10. Qb3 Qc7 11. h3 Be6 12. Bc4 Bxc4 13. Qxc4 b5 14. Qb3
Nd5 15. Re1 e6 16. Ne5 a6 17. Bd2 c5 18. Nf3 Rac8 19. dxc5 Qxc5 20. a4 Rb8 21.
Rab1 Rfc8 22. axb5 Rxb5 23. Qa3 Rb6 24. c4 Qxc4 25. Rbc1 Qxc1 26. Rxc1 Rcb8 27.
Bc3 Rc8 1-0

[Event "Pojedinacno prvenstvo Centralne Srbije 2"]
[Site "Vrnjacka Banja"]
[Date "2014.03.18"]
[Round "2.24"]
[White "Djosic, Slavoljub"]
[Black "Dabizljevic, Radun"]
[Result "1-0"]
[WhiteElo "2252"]
[BlackElo "1834"]
[PlyCount "55"]
[EventDate "2014.03.17"]

1. Nf3 d6 2. g3 Nf6 3. Bg2 c6 4. O-O Nbd7 5. b3 e5 6. Bb2 Qc7 7. c4 Be7 8. Nc3
Nc5 9. d3 Bg4 10. h3 Bd7 11. d4 exd4 12. Nxd4 Ne6 13. Nf5 Bf8 14. Qd2 O-O-O 15.
Rfd1 Ne8 16. b4 h5 17. a4 f6 18. a5 Ng5 19. h4 Nf7 20. Ne3 g5 21. b5 Qb8 22. a6
Ne5 23. axb7+ Qxb7 24. bxc6 Bxc6 25. Ncd5 gxh4 26. Bd4 a6 27. Rdb1 Qg7 28. Rxa6
1-0

[Event "Pojedinacno prvenstvo Centralne Srbije 2"]
[Site "Vrnjacka Banja"]
[Date "2014.03.18"]
[Round "2.25"]
[White "Radosavljevic, Slobodan D"]
[Black "Ristic, Dejan D"]
[Result "1/2-1/2"]
[WhiteElo "2227"]
[BlackElo "1770"]
[PlyCount "34"]
[EventDate "2014.03.17"]

1. Nf3 Nf6 2. g3 g6 3. Bg2 d5 4. c4 c6 5. O-O Bg7 6. cxd5 Nxd5 7. d4 O-O 8. Nc3
Nb6 9. h3 Be6 10. e4 Na6 11. Re1 Qc8 12. Ng5 Bd7 13. Kh2 h6 14. Nf3 Rd8 15. a4
Be8 16. a5 Nd7 17. Bf4 e5 1/2-1/2

[Event "Pojedinacno prvenstvo Centralne Srbije 2"]
[Site "Vrnjacka Banja"]
[Date "2014.03.18"]
[Round "2.26"]
[White "Ratkovic, Petar"]
[Black "Bura, Goran"]
[Result "1/2-1/2"]
[WhiteElo "1783"]
[BlackElo "2222"]
[PlyCount "93"]
[EventDate "2014.03.17"]

1. d4 Nf6 2. Nf3 g6 3. Nc3 d5 4. Bf4 Bg7 5. e3 O-O 6. h3 c5 7. Be2 Nc6 8. O-O
Ne4 9. Na4 Qa5 10. c3 Rd8 11. Nxc5 Nxc5 12. dxc5 Qxc5 13. Rc1 e5 14. Bh2 a5 15.
a4 f6 16. Qb3 Be6 17. Rfd1 Bf7 18. Qb5 Bf8 19. Nd2 Na7 20. Qxc5 Bxc5 21. c4 Bb4
22. cxd5 Bxd5 23. Nc4 Rac8 24. Nb6 Rxc1 25. Rxc1 Bc6 26. Rd1 Rxd1+ 27. Bxd1 Bc5
28. Nc4 b6 29. Kf1 Bd5 30. Bb3 Kf7 31. Nxa5 Ke6 32. e4 bxa5 33. Bxd5+ Kd6 34.
h4 h6 35. Bf7 g5 36. hxg5 hxg5 37. g3 Bd4 38. b3 Kc5 39. Ke2 Kb4 40. f4 gxf4
41. gxf4 Nc8 42. fxe5 fxe5 43. Bg3 Ne7 44. Kd3 Kc5 45. Be1 Nc6 46. Bd5 Nb4+ 47.
Bxb4+ 1/2-1/2

[Event "Pojedinacno prvenstvo centralne Srbije"]
[Site "www.sah-centralnasrbija.com"]
[Date "2014.03.18"]
[Round "2"]
[White "PAVLOVIC, Goran"]
[Black "SEDLAK, Nikola"]
[Result "0-1"]
[WhiteElo "2372"]
[BlackElo "2562"]
[PlyCount "128"]
[EventDate "2014.??.??"]

1. Nf3 d5 2. c4 c6 3. d4 Nf6 4. Nc3 Qb6 5. e3 Bg4 6. h3 Bxf3 7. Qxf3 e6 8. Bd3
Nbd7 9. O-O Be7 10. b3 O-O 11. Bb2 Rfe8 12. Qe2 a5 13. Rfd1 Bf8 14. Rac1 Qa7
15. Qc2 g6 16. Bf1 Bg7 17. Ba3 Bf8 18. Bxf8 Kxf8 19. g3 Rad8 20. Bg2 Nb6 21.
Ne2 Kg7 22. Nf4 Nc8 23. Nd3 Nd6 24. g4 h5 25. c5 Nc8 26. Ne5 Ne7 27. a3 hxg4
28. hxg4 Rh8 29. Bf3 Qb8 30. Qc3 Qc7 31. Kg2 Nh7 32. Be2 Ng5 33. Rh1 Ne4 34.
Qc2 f6 35. Nf3 Qc8 36. Nd2 f5 37. f3 Nxd2 38. Qxd2 Qc7 39. g5 f4 40. exf4 Rdf8
41. Rxh8 Kxh8 42. Rh1+ Kg7 43. Kg3 Nf5+ 44. Kf2 Qb8 45. Bf1 Rh8 46. Bh3 Rh4 47.
Kg2 Qxf4 48. Qxf4 Rxf4 49. Bxf5 Rxf5 50. b4 Rxg5+ 51. Kf2 axb4 52. axb4 Rh5 53.
Rb1 e5 54. b5 Rf5 55. bxc6 bxc6 56. Rb6 e4 57. Rxc6 Rxf3+ 58. Ke2 Rd3 59. Rd6
Rxd4 60. c6 Rd3 61. c7 Rc3 62. Rxd5 Rxc7 63. Re5 Rc4 64. Ke3 Kf6 0-1

[Event "Pojedinacno prvenstvo centralne Srbije"]
[Site "www.sah-centralnasrbija.com"]
[Date "2014.03.18"]
[Round "2"]
[White "LAJTHAJM, Borko"]
[Black "COLOVIC, Dusan"]
[Result "1-0"]
[WhiteElo "2525"]
[BlackElo "2380"]
[PlyCount "115"]
[EventDate "2014.??.??"]

1. d4 d6 2. Nf3 Bg4 3. e4 e6 4. h3 Bh5 5. Nc3 Nf6 6. Bd3 Be7 7. Bf4 a6 8. Qe2
Nc6 9. g4 Bg6 10. h4 d5 11. O-O-O Nb4 12. a3 dxe4 13. Bxe4 Na2+ 14. Nxa2 Bxe4
15. Nc3 Bxf3 16. Qxf3 c6 17. Be5 O-O 18. g5 Nd5 19. Ne4 f6 20. gxf6 Bxf6 21.
Nxf6+ Nxf6 22. Rhg1 Qe7 23. Qg3 Nh5 24. Qg4 Rf5 25. Rde1 Qf7 26. Bg3 g6 27. Re3
Re8 28. Rge1 Ng7 29. Re5 Rd8 30. c3 Rd5 31. R5e4 Rd8 32. R1e3 Re8 33. Re5 Rf8
34. Qe4 Re8 35. a4 Rf8 36. Kc2 Rxe5 37. Qxe5 Qf5+ 38. Kb3 Qxe5 39. Rxe5 Kf7 40.
Kc4 Rd8 41. Kc5 Nf5 42. Re4 Rd7 43. Kb6 Ne7 44. c4 Nc8+ 45. Kc5 Ne7 46. a5 Nf5
47. Be5 Ke7 48. b3 Kf7 49. Kb6 Ne7 50. Bc7 Nf5 51. Kxb7 Nxd4 52. b4 Ke7 53. Kb6
Nc2 54. c5 Rd3 55. Kxa6 Rb3 56. Kb7 Nxb4 57. Bb6 Nd3 58. Rc4 1-0

[Event "Pojedinacno prvenstvo centralne Srbije"]
[Site "www.sah-centralnasrbija.com"]
[Date "2014.03.18"]
[Round "2"]
[White "RAJKOVIC, Dusan"]
[Black "MILANOVIC, Danilo"]
[Result "0-1"]
[WhiteElo "2369"]
[BlackElo "2506"]
[PlyCount "66"]
[EventDate "2014.??.??"]

1. d4 Nf6 2. c4 c5 3. d5 b5 4. cxb5 a6 5. b6 d6 6. Nc3 Nbd7 7. Nf3 Rb8 8. e4 g6
9. Nd2 Nxb6 10. a4 Bg7 11. Be2 O-O 12. O-O Nfd7 13. Qc2 f5 14. exf5 gxf5 15. a5
Na8 16. Nf3 Qe8 17. b3 Nc7 18. Bb2 Qg6 19. Rfe1 Rf7 20. Bc4 Nf6 21. Rad1 Nh5
22. Bf1 Bd7 23. g3 Bf6 24. Bc1 Rb4 25. Ne2 f4 26. Nxf4 Nxf4 27. Bxf4 Bg4 28.
Be2 Bc3 29. Ng5 Bxe1 30. Bxg4 Rfxf4 31. gxf4 Rxf4 32. f3 Bxa5 33. Ne6 Nxe6 0-1

[Event "Pojedinacno prvenstvo centralne Srbije"]
[Site "www.sah-centralnasrbija.com"]
[Date "2014.03.18"]
[Round "2"]
[White "DUDUKOVIC, Nikola"]
[Black "PIKULA, Dejan"]
[Result "0-1"]
[WhiteElo "2364"]
[BlackElo "2498"]
[PlyCount "80"]
[EventDate "2014.??.??"]

1. c4 Nf6 2. Nc3 c5 3. g3 e6 4. Bg2 d5 5. cxd5 exd5 6. d3 d4 7. Nb1 Be7 8. Nf3
Nc6 9. O-O O-O 10. Bg5 Nd5 11. Bxe7 Qxe7 12. Nbd2 b6 13. Re1 Be6 14. a3 Rac8
15. Rc1 Rfd8 16. Qa4 h6 17. Nc4 Qc7 18. Ncd2 Qb7 19. Ne4 a5 20. Qd1 Qa6 21. Rc2
a4 22. Rc4 Na5 23. Rxa4 b5 24. Nxc5 Rxc5 25. Rxd4 Nc6 26. Rh4 Nde7 27. d4 Ng6
28. Re4 Bf5 29. Re8+ Rxe8 30. dxc5 Rd8 31. Qc1 b4 32. axb4 Nxb4 33. Rd1 Rxd1+
34. Qxd1 Qc4 35. Qd4 Qc1+ 36. Bf1 Bh3 37. Nd2 Nc6 38. Qc3 Qe1 39. b4 Bxf1 40.
Ne4 Qxe2 0-1

[Event "Pojedinacno prvenstvo centralne Srbije"]
[Site "www.sah-centralnasrbija.com"]
[Date "2014.03.18"]
[Round "2"]
[White "ANTIC, Dejan"]
[Black "MILENKOVIC, Mladen"]
[Result "1-0"]
[WhiteElo "2462"]
[BlackElo "2373"]
[PlyCount "59"]
[EventDate "2014.??.??"]

1. d4 Nf6 2. c4 e6 3. g3 c5 4. d5 exd5 5. cxd5 d6 6. Nc3 g6 7. Bg2 Bg7 8. Nf3
O-O 9. O-O a6 10. a4 Re8 11. Bf4 Nh5 12. Bg5 Qc7 13. Rc1 Nd7 14. b4 Qb6 15. Nd2
Bxc3 16. Rxc3 Qxb4 17. Rc4 Qb6 18. g4 f6 19. gxh5 fxg5 20. hxg6 hxg6 21. Rg4
Qd8 22. f4 Nf6 23. Rxg5 Kh7 24. e4 Nh5 25. Rxh5+ gxh5 26. Qxh5+ Kg7 27. Rf3 Rf8
28. Rg3+ Kf6 29. Rg6+ Ke7 30. Rg7+ 1-0

[Event "Pojedinacno prvenstvo centralne Srbije"]
[Site "www.sah-centralnasrbija.com"]
[Date "2014.03.18"]
[Round "2"]
[White "RISTIC, Nenad"]
[Black "MAKSIMOVIC, Branimir"]
[Result "0-1"]
[WhiteElo "2431"]
[BlackElo "2364"]
[PlyCount "59"]
[EventDate "2014.??.??"]

1. e4 e6 2. d4 d5 3. Nc3 Bb4 4. e5 c5 5. a3 Bxc3+ 6. bxc3 Ne7 7. h4 Bd7 8. h5
h6 9. Qg4 Qa5 10. Bd2 Nbc6 11. Qxg7 O-O-O 12. Bd3 Qa4 13. dxc5 Nf5 14. Qf6 Nce7
15. Rb1 Rh7 16. Rb4 Qxa3 17. Bxf5 Qa1+ 18. Ke2 Nxf5 19. g4 d4 20. gxf5 dxc3 21.
Be1 Bc6 22. Rh3 Bg2 23. f3 Qa6+ 24. Ke3 Qf1 25. Bh4 Qxg1+ 26. Kf4 Rd4+ 27. Rxd4
Qxd4+ 28. Kg3 Bxh3 29. Kxh3 Qd7 30. f4 0-1